000 00873nam a22002417a 4500
999 _c20744
_d20744
003 AR-CdUCM
008 190604b ||||| |||| 00| 0 spa d
040 _aMUNICIPALIDAD PROVINCIAL DEL CUSCO
_cBIBLIOTECA MUNICIPAL DEL CUSCO
082 _a985.019 /
_bU86
100 _aUrteaga, Horacio H.
_930607
245 _aEl imperio incaico :
_bEn el que se incluye la historia del ayllo y familia de los incas /
260 _aLima :
_bGil,
_c1931.
300 _a269 páginas ;
_c24 cm.
500 _aIncluye referencias bibliográficas.
505 _aContenido: La cultura que florece en el Perú -- El primer imperio o dominación quichua...
650 _aAyllus
_932106
650 _aPerú-
_935
650 _aEpoca Prehispánica
_92714
650 _aHistoria
_9136
700 _aPrologo : La Riva Aguero, Jose De
_943318
942 _2ddc
_cLIBROS
945 _aJavier